书目信息 |
| 题名: |
中国民间小件古玉器图鉴续
|
|
| 作者: | 余钱程 著 | |
| 分册: | ||
| 出版信息: | 杭州 浙江摄影出版社 2003 |
|
| 页数: | 127页 | |
| 开本: | 21cm | |
| 丛书名: | ||
| 单 册: | ||
| 中图分类: | K876.82 | |
| 科图分类: | ||
| 主题词: | 古玉器--鉴赏--中国 | |
| 电子资源: | ||
| ISBN: | 7-80686-113-0 | |
| 000 | 00790nam0 2200241 45 | |
| 001 | 0900000036300 | |
| 005 | 20051226152352.75 | |
| 010 | @a7-80686-113-0@dCNY28.00 | |
| 092 | @aCN | |
| 100 | @a20050705e20042003ekmy0chiy0120 ea | |
| 101 | 0 | @achi |
| 102 | @aCN@b330000 | |
| 105 | @aa z 000yy | |
| 200 | 1 | @a中国民间小件古玉器图鉴续@9zhong guo min jian xiao jian gu yu qi tu jian xu@f余钱程著@Fyu qian cheng zhu |
| 210 | @a杭州@c浙江摄影出版社@d2003@h2004重印 | |
| 215 | @a127页@c图,照片@d21cm | |
| 330 | @a本书对动物、飞禽、鱼、人物、瓜果、牌片、蝴蝶、指圈、耳坠、发簪、扣等小件玉器作了介绍。 | |
| 606 | 0 | @a古玉器@x鉴赏@y中国 |
| 690 | @aK876.82@v4 | |
| 701 | 0 | @a余钱程@Ayu qian cheng@4著 |
| 801 | 0 | @aCN@bCXYBOOK@c20051226 |
| 905 | @a10447@dK876.82@e168:2 | |
| 999 | @aAFJ@eJDD | |
| 中国民间小件古玉器图鉴续/余钱程著.-杭州:浙江摄影出版社,2003(2004重印) |
| 127页:图,照片;21cm |
| ISBN 7-80686-113-0:CNY28.00 |
| 本书对动物、飞禽、鱼、人物、瓜果、牌片、蝴蝶、指圈、耳坠、发簪、扣等小件玉器作了介绍。 |
| ● |
| 相关链接 |
|
|
|
|
正题名:中国民间小件古玉器图鉴续
索取号:K876.82/168:2
 
预约/预借
| 序号 | 登录号 | 条形码 | 馆藏地/架位号 | 状态 | 备注 |
| 1 | 0372618 | 203726183 | 第二样本阅览室/ [索取号:K876.82/168:2] | 在馆 | |
| 2 | 0372619 | 203726192 | 第二借阅区/ [索取号:K876.82/168:2] | 在馆 | |
| 3 | 0372620 | 203726209 | 第二借阅区/ [索取号:K876.82/168:2] | 在馆 |